000 00639nam a2200193Ia 4500
003 IN-BaIIA
008 211028s9999 xx s 000 0 eng d
020 _a2-86883-901-0 (Online)
022 _a1633-4760 (Print)
022 _a1638-1963 (Online)
040 _cIIA Library
100 _aStee, Ph., ed.
_938151
245 0 _aRadiative Transfer and Applications to Very Large Telescopes
_h[eBook]
260 _aFrance
_bEDP Sciences
_c2006
300 _aiii, 305p.
490 _aEAS Publications Series
856 _uhttps://www.eas-journal.org/articles/eas/abs/2006/01/contents/contents.html
_yClick Here to Access eBook
942 _cEB
999 _c20612
_d20612